000 00495nam a2200181Ia 4500
001 16727
005 20260306170332.0
008 260306t2011||||xx |||||||||||||| ||und||
041 _aESP
082 _a349.714
_bS17
100 _aSalinas Araneda, Carlos
_eAUT
245 0 _aLa participación de los obispos del Perú en la codificación del derecho canónico de 1917
260 _c2011
300 _a221 páginas :
_c21 cm.
650 _aGEN
654 _aCDE
942 _cLIB
_dJUS
_fJUS
_2ddc
_n
999 _c16727
_d16727